000 00844nam a22002657a 4500
001 BR6010544
003 BR-BrBNA
005 20230928083330.0
007 ta
008 230509b bl.||||| |||| 00| 0 por d
040 _aBR-BrBNA
_bpor
_cBiblioteca Nacional de Agricultura
041 _a(Por)
072 _aE10
_b/G514
090 _ E10 BR6010544
100 1 _aSilva, L.V. da
110 1 _aInstituto Nacional de Colonizacao e Reforma Agraria, Brasilia, DF (Brasil)
245 1 _aUso da terra: alternativas, uso multiplo. Ocupacao produtiva [Brasil]
_bSeminario sobre Planejamento do Desenvolvimento Florestal e do Uso da Terra
260 3 _aBrasilia, DF (Brasil):
_c[nd].
300 _a50 p.
650 _aUSO DA TERRA
650 _aREFORMA AGRARIA
650 _aCOLONIZACAO
909 _a202309
_bLucia
_c55
_dLucia Elande
942 _cBK
999 _c12855
_d12855